La culture de la canne à sucre en Egypte /

محفوظ في:

مؤلف مشترك: Société d'entreprises commerciales en Egypte

التنسيق: كتاب

اللغة: French

الموضوعات:

الوسوم: إضافة وسم

لا توجد وسوم, كن أول من يضع وسما على هذه التسجيلة!

رقم الطلب: SB229 .E3 C85 1952

LEADER 00840namaa2200217 4500
001 15504
003 OSt
005 20210802064650.0
008 130303s1952 ua a g 000 0 fre d
952 |0 0  |1 0  |2 lcc  |4 0  |6 SB0229 E3 C85 01952  |7 1  |9 17293  |a ARCE  |b ARCE  |d 2021-08-02  |l 0  |o SB229 .E3 C85 1952  |p 1039432  |r 2021-08-02 00:00:00  |w 2021-08-02  |y BK 
999 |c 14123  |d 14123 
040 |c ARCE Library 
043 |a f-ua--- 
050 0 4 |a SB229 .E3 C85 1952 
110 2 |a Société d'entreprises commerciales en Egypte, 
245 1 3 |a La culture de la canne à sucre en Egypte /  |c Société d'entreprises commerciales en Egypte. 
264 1 |a Alexandrie ;  |a Bruxelles ;  |a Le Caire :  |b publ. par le Service agronomique de "Entreprises",  |c 1952 
300 |a 105 pages :  |b illustrations ;  |c 24 cm. 
650 0 |a Sugarcane  |z Egypt.  |9 7645 
901 |a reviewed 
942 |c BK  |2 lcc